Refurbishment and upgrading of existing buildings (Record no. 112445)

MARC details
000 -LEADER
fixed length control field 01693cam a2200313 4500
001 - CONTROL NUMBER
control field L153278
008 - FIXED-LENGTH DATA ELEMENTS--GENERAL INFORMATION
fixed length control field 000000n2009 000 0 eng u
020 ## - INTERNATIONAL STANDARD BOOK NUMBER
International Standard Book Number 9780203879160
035 ## - SYSTEM CONTROL NUMBER
System control number (Sirsi) u153278
041 0# - LANGUAGE CODE
Language code of text/sound track or separate title eng
050 ## - LIBRARY OF CONGRESS CALL NUMBER
Classification number 690.231
100 ## - MAIN ENTRY--PERSONAL NAME
Personal name Highfield, David
245 ## - TITLE STATEMENT
Title Refurbishment and upgrading of existing buildings
Medium [electronic resource]
260 ## - PUBLICATION, DISTRIBUTION, ETC.
Place of publication, distribution, etc. London
Name of publisher, distributor, etc. Taylor & Francis
Date of publication, distribution, etc. 2009
300 ## - PHYSICAL DESCRIPTION
Extent eBook
505 2# - FORMATTED CONTENTS NOTE
Formatted contents note Why refurbishment? -- Upgrading the fire resistance of existing elements -- Upgrading internal surfaces -- Upgrading the thermal performance of existing elements -- Upgrading the acoustic performance of existing elements -- Preventing moisture and dampness within buildings -- Introduction of new floors and access between levels -- Timber decay and remedial treatments -- Strengthening of existing timber floors -- Heavy-lifting systems -- Underpinning systems -- Strengthening existing walls -- Façade retention
520 ## - SUMMARY, ETC.
Summary, etc. This eBook provides an insight into a wide range of technical problems met during the refurbishment and upgrading of buildings and suggests solutions that can be used to overcome them. It also places the subject in context by examining the technical, economic, legislative and sociological reasons for building refurbishment.
590 ## - LOCAL NOTE (RLIN)
Local note ka
650 ## - SUBJECT ADDED ENTRY--TOPICAL TERM
Topical term or geographic name entry element Refurbishment
9 (RLIN) 6264
650 ## - SUBJECT ADDED ENTRY--TOPICAL TERM
Topical term or geographic name entry element REUSE
650 24 - SUBJECT ADDED ENTRY--TOPICAL TERM
Topical term or geographic name entry element EBOOK
650 ## - SUBJECT ADDED ENTRY--TOPICAL TERM
Topical term or geographic name entry element UNDERPINNING
650 ## - SUBJECT ADDED ENTRY--TOPICAL TERM
Topical term or geographic name entry element FACADE RETENTION
651 #4 - SUBJECT ADDED ENTRY--GEOGRAPHIC NAME
Geographic name ENGLAND AND WALES
690 ## - LOCAL SUBJECT ADDED ENTRY--TOPICAL TERM (OCLC, RLIN)
Topical term or geographic name as entry element Refurbishment
9 (RLIN) 6264
700 1# - ADDED ENTRY--PERSONAL NAME
Personal name Gorse, Christopher
856 48 - ELECTRONIC LOCATION AND ACCESS
Uniform Resource Identifier <a href="https://www.vlebooks.com/">https://www.vlebooks.com/</a>
Public note View on VLEbooks. Logins for members only from [email protected]
942 ## - ADDED ENTRY ELEMENTS (KOHA)
Suppress in OPAC 0
Holdings
Withdrawn status Lost status Source of classification or shelving scheme Damaged status Not for loan Home library Current library Shelving location Date acquired Total Checkouts Full call number Barcode Date last seen Copy number Price effective from Koha item type
    Dewey Decimal Classification     Virtual Virtual Online 04/07/2011   EBOOK 153278-2001 06/08/2019 1 06/08/2019 Book